| 000 | 00520nam a22001575i 4500 | ||
|---|---|---|---|
| 001 | 48137 | ||
| 003 | ES-MaACL | ||
| 007 | t| | ||
| 008 | 950706s1858 fr ab ||||1| fre d | ||
| 040 |
_aCAM _bspa _cCAM |
||
| 100 | 1 |
_aChampagny, Franz de. _937909 |
|
| 245 | 1 | 0 |
_aRome et La Judée au temps de la chute de Néron, ans 66-72 après Jésus-Christ / _cpar le Cte. Franz de Champagny. |
| 260 |
_aParis : _bJacques Lecoffre et Cie, _c1858. |
||
| 300 |
_aVIII, 548 p., [1] h. de map. ; _c21 cm. |
||
| 852 |
_aES-MaACL _jG-13004 |
||
| 999 |
_c48137 _d48137 |
||